Manažment v doprave teoretický a metodologický aparát pre analyzovanie, navrhovanie a optimalizovanie javov a procesov v systémoch podnikateľského riadenia v doprave

Uložené v:
Podrobná bibliografia
Hlavný autor: Hittmár, Štefan
Médium: Kniha
Jazyk:Slovak
Vydavateľské údaje: Žilina Žilinská univerzita v Žiline 2000
Predmet:
Tagy: Pridať tag
Žiadne tagy, Buďte prvý, kto otaguje tento záznam!

MARC

LEADER 00000nam a2200000 4500
001 c136251
005 20221123133048.8
020 |a 80-7100-784-6 
041 0 |a slo 
044 |a SK 
245 1 0 |a Manažment v doprave  |b teoretický a metodologický aparát pre analyzovanie, navrhovanie a optimalizovanie javov a procesov v systémoch podnikateľského riadenia v doprave  |c [Štefan Hittmár a kolektív] 
264 1 |a Žilina  |b Žilinská univerzita v Žiline  |c 2000 
300 |a 317 s. 
610 2 0 |a doprava 
610 2 0 |a manažment 
610 2 0 |a podnik dopravný 
610 2 0 |a riadenie 
610 2 0 |a podnikanie 
610 2 0 |a marketing 
610 2 0 |a politika dopravná 
610 2 0 |a preprava 
610 2 0 |a stratégia podniková 
610 2 0 |a plánovanie 
610 2 0 |a štruktúra riadenia 
610 2 0 |a technológie informačné 
610 2 0 |a systémy informačné 
610 2 0 |a zdroje ľudské 
610 2 0 |a komunikácia 
100 1 |a Hittmár, Štefan